| 000 | 00932nam a2200253 a 4500 | ||
|---|---|---|---|
| 001 | 000017600 | ||
| 005 | 20250228152923.0 | ||
| 008 | 100329s1993 dr ad 001 0 spa d | ||
| 040 |
_aDO-SdBNP _bspa _cBNPHU |
||
| 082 |
_a659.1 _bC352d |
||
| 100 | 1 |
_aCastillo, Efraím, _d1940- _928022 |
|
| 245 | 1 | 3 |
_aEl discurso simbiótico de la publicidad dominicana / _cEfraim Castillo. |
| 260 |
_aSanto Domingo : _bTaller, _c1993. |
||
| 300 |
_a505 p. : _bil., graf. ; _c23 cm. |
||
| 590 | _aInventariado, 2018/ YL | ||
| 504 | _aIncluye referencias bibliográfias y notas al pie de las páginas. | ||
| 650 | 4 |
_aPublicidad _xAspectos sociales _938383 |
|
| 650 | 4 |
_aAptitud creadora en publicidad _927477 |
|
| 650 | 4 |
_aPosicionamiento (publicidad) _938384 |
|
| 650 | 4 |
_aAdministración en publicidad _938385 |
|
| 650 | 4 |
_aCampañas publicitarias _938386 |
|
| 650 | 4 |
_aPromoción de ventas _938387 |
|
| 910 | _aValidado. Control de calidad. EMS | ||
| 999 |
_c17125 _d17125 |
||